书目信息 |
| 题名: |
表面化学
|
|
| 作者: | 顾惕人 编著 | |
| 分册: | ||
| 出版信息: | 北京 科学出版社 1994.06 |
|
| 页数: | 406页 | |
| 开本: | 16开 | |
| 丛书名: | ||
| 单 册: | ||
| 中图分类: | O649 | |
| 科图分类: | ||
| 主题词: | 物理化学 , 量子化学 | |
| 电子资源: | ||
| ISBN: | 7-03-002632-2 | |
| 000 | 00557nam0 2200205 45 | |
| 001 | 1009051229 | |
| 005 | 20000906200955.9 | |
| 010 | @a7-03-002632-2@d40.00元 | |
| 100 | @a20100905d1994 km y0chiy0120 ea | |
| 101 | 0 | @achi |
| 105 | @a z 000yy | |
| 200 | 1 | @a表面化学@ABiao Mian Hua Xue@f顾惕人 等编著@FGu Ti Ren Deng Bian Zhu |
| 210 | @a北京@c科学出版社@d1994.06 | |
| 215 | @a406页@d16开 | |
| 606 | 0 | @a物理化学 |
| 606 | 0 | @a量子化学 |
| 690 | @aO649@v3 | |
| 701 | 0 | @a顾惕人@4编著 |
| 801 | @aCN@bPftUser@c20100905 | |
| 905 | @b124056-060@dO649@eG720@f5 | |
| 表面化学/顾惕人 等编著.-北京:科学出版社,1994.06 |
| 406页;16开 |
| ISBN 7-03-002632-2:40.00元 |
| ● |
| 相关链接 |
|
|
|
正题名:表面化学
索取号:O649/G720
 
预约/预借
| 序号 | 登录号 | 条形码 | 馆藏地/架位号 | 状态 | 备注 |
| 1 | 124056 | 201240567 | 自科库401/401自科库 65排1列2层/ [索取号:O649/G720] | 在馆 | |
| 2 | 124057 | 201240576 | 自科库401/401自科库 65排1列2层/ [索取号:O649/G720] | 在馆 | |
| 3 | 124058 | 201240585 | 自科库401/401自科库 65排1列2层/ [索取号:O649/G720] | 在馆 | |
| 4 | 124059 | 201240594 | 自科库401/401自科库 65排1列2层/ [索取号:O649/G720] | 在馆 | |
| 5 | 124060 | 201240601 | 自科库401/401自科库 65排1列2层/ [索取号:O649/G720] | 在馆 |